000 00728nam a22002177a 4500
005 20100805125542.0
010 _aENG-98350
020 _a9788189841508
_c150.00
035 _aEN-81883
037 _bDBAD/PUB
082 _a581.7
100 _aSubramaniam, P
_96790
245 _aPlant ecology /
_cby Subramaniam P
260 _aErode
_bPallavi Pathippagam
_c2008
270 _a194, Kanna Complex, Mettur Road
_bErode
_e11
300 _a170p.
_c20cm (pbk)
650 _aPlant Ecology
_96791
650 _aPlant Ecophysialogy
_96792
942 _2ddc
_cEN
_h581.7
_mSUB
999 _c39418
_d39418